Memoria 1955-1957 : (Plenos I a IV) / Consejo Económico Sindical Provincial de Barcelona (Plenos I a IV) / Consejo Económico Sindical Provincial de Barcelona
Descripción Física:
70 p. ; 22 cm
MARC
| LEADER | 00000nam a2200000Ia 4500 | ||
|---|---|---|---|
| 001 | 14072 | ||
| 008 | 160829s1957 xx 000 0 cat d | ||
| 080 | |a M-4-112 | ||
| 100 | |a Consejo Económico Sindical Provincial de Barcelona |9 27302 | ||
| 245 | |a Memoria 1955-1957 : |b (Plenos I a IV) / Consejo Económico Sindical Provincial de Barcelona | ||
| 260 | |a Barcelona : |b [el Consejo], |c 1957 | ||
| 300 | |a 70 p. ; |c 22 cm | ||
| 650 | |a Consejo Económico Sindical Provincial de Barcelona |x Memòries |9 27303 | ||
| 901 | |a Arxiu | ||
| 942 | |n 1 | ||
| 952 | |0 0 |1 0 |4 0 |6 M4112 |7 1 |9 44343 |a Arxiu |b Arxiu |d 2016-12-01 |l 0 |o M-4-112 |p 14072 |r 2016-12-01 00:00:00 |w 2016-12-01 |y ARXIU | ||
| 999 | |c 46924 |d 46924 | ||